| 000 | 01279cab a22002415a 4500 | ||
|---|---|---|---|
| 001 | L148562 | ||
| 008 | 091002s2009 xxkbd f 000 0 eng d | ||
| 035 | _a(Sirsi) u148562 | ||
| 041 | 0 | _aeng | |
| 100 | 1 | _aKe, Qiulin | |
| 245 | 0 | 0 |
_aSole agency v multi-agency _ban investigation of agency practice across England and Wales |
| 260 | _c2009 | ||
| 490 | 0 |
_aJournal of Property Investment and Finance _v27(4) 2009, 228-241(14) |
|
| 520 | _aHow does different agency practice impact on agency fees, business efficiency and housing market liquidity in England and Wales? Survey data from 2000 to 2006 confirms that agency practice has a locality basis with some regions more likely to adopt sole agency practice than others: sole agency estate agents charge lower fees, help clients to achieve better selling prices and are more efficient. Multi-agency practice facilitates liquidity in the housing market but experiences a higher fall-through rate. Map. Tables. References. | ||
| 590 | _aKA | ||
| 650 | 2 | 4 | _aESTATE AGENTS ACT 1979 |
| 650 | 2 | 4 | _aCONSUMERS, ESTATE AGENTS AND REDRESS ACT 2007 |
| 651 | 4 |
_aEngland and Wales _y1543- |
|
| 690 | _aPROPERTY-RESIDENTIAL PROPERTY-RESIDENTIAL PROPERTY AGENCY | ||
| 700 | 1 | _aJayne, Michael | |
| 700 | 1 | _aIsaac, David | |
| 942 | _n0 | ||
| 999 |
_c81885 _d81885 |
||